000 00567nam a22001697a 4500
003 OSt
005 20171010095447.0
008 120619t xxu||||| |||| 00| 0 eng d
040 _aMMSU
_cULS
100 _aPailma, Kristofferson A., et al.
_910434
245 _aMicro-controlled queuing system
_cKristofferson A. Pailma, et al.
260 _c2007
300 _axii, [154] leaves
_c28 cm.
500 _aThesis (BS Computer Engineering) -- Mariano Marcos State University-College of Engineering, Batac City
504 _aBibliography: leaf 60
942 _2ddc
_cTHEDIS
999 _c9573
_d9573